America : (Record no. 7559)

MARC details
000 -LEADER
fixed length control field 00774nam a22002177a 4500
003 - CONTROL NUMBER IDENTIFIER
control field OSt
005 - DATE AND TIME OF LATEST TRANSACTION
control field 20260120003955.0
008 - FIXED-LENGTH DATA ELEMENTS--GENERAL INFORMATION
fixed length control field 260120b |||||||| |||| 00| 0 eng d
020 ## - INTERNATIONAL STANDARD BOOK NUMBER
International Standard Book Number 0-393-97349-2
040 ## - CATALOGING SOURCE
Original cataloging agency DWC-Main lib
Transcribing agency OC
082 ## - DEWEY DECIMAL CLASSIFICATION NUMBER
Edition number 5th edition
Classification number Circ. 973.21 T588 1999
100 ## - MAIN ENTRY--PERSONAL NAME
Personal name Tindall, G.B.
245 ## - TITLE STATEMENT
Title America :
Remainder of title a narrative history vol. 2
Statement of responsibility, etc. Tindall, George Brown
250 ## - EDITION STATEMENT
Edition statement 5th edition
260 ## - PUBLICATION, DISTRIBUTION, ETC.
Place of publication, distribution, etc. USA :
Name of publisher, distributor, etc. W. W. Norton & company, Inc.,
Date of publication, distribution, etc. c1999
300 ## - PHYSICAL DESCRIPTION
Extent xii, 789-1690 pages :
Other physical details illustration ;
Dimensions 23 cm.
504 ## - BIBLIOGRAPHY, ETC. NOTE
Bibliography, etc. note Includes bibliographical references and index
650 ## - SUBJECT ADDED ENTRY--TOPICAL TERM
Source of heading or term United States - history
700 ## - ADDED ENTRY--PERSONAL NAME
Personal name David, Shi E.
942 ## - ADDED ENTRY ELEMENTS (KOHA)
Source of classification or shelving scheme Dewey Decimal Classification
Koha item type Book Circulation
Edition 5th edition
Classification part Circ. 973.21 T588 1999
Call number prefix Circ.
Suppress in OPAC No
952 ## - LOCATION AND ITEM INFORMATION (KOHA)
--
Holdings
Withdrawn status Lost status Source of classification or shelving scheme Damaged status Not for loan Home library Current library Shelving location Date acquired Source of acquisition Total Checkouts Full call number Barcode Date last seen Copy number Price effective from Koha item type Uniform Resource Identifier
    Dewey Decimal Classification     College Library College Library Circulation 07/22/2005 Donation   Circ. 973.21 T588 1999 CL42120 01/20/2026 c1 01/20/2026 BK-CIRC